Catalog

Record Details

Catalog Search



Farming / written by Ann Love with Jane Drake ; ... Read More

Love, Ann.(Author).
Cupples, Pat.(Added Author). Drake, Jane.(Added Author).

Available copies

  • 1 of 1 copy available at LARL/NWRL Consortium.

Current holds

0 current holds with 1 total copy.

Show Only Available Copies
Location Call Number / Copy Notes Barcode Shelving Location Status Due Date
Karlstad LINK Site j 630 LOV (Text) 35500004281596 Main Available -

Record details

  • ISBN: 1553374215
  • Physical Description: 31 p. : col. ill. ; 21 x 24 cm.
  • Edition: 1st U.S. ed. 1998.
  • Publisher: Toronto : Kids Can Press, c1998.

Content descriptions

General Note:
Includes index.
Subject: Agriculture > Juvenile literature.
Farm life > Juvenile literature.
LDR 00935cam a2200277Ia 4500
00194728
003LARL_NWRL_CONSORTIUM
00520040924100016.0
008031107t19981996onca j 001 0 eng d
020 . ‡a1553374215
043 . ‡an-us---
090 . ‡aS519 ‡b.L69
1001 . ‡aLove, Ann. ‡0(LARL_NWRL_CONSORTIUM)108687
24510. ‡aFarming / ‡cwritten by Ann Love with Jane Drake ; illustrated by Pat Cupples.
250 . ‡a1st U.S. ed. 1998.
260 . ‡aToronto : ‡bKids Can Press, ‡cc1998.
300 . ‡a31 p. : ‡bcol. ill. ; ‡c21 x 24 cm.
4900 . ‡aAmerica at work
500 . ‡aIncludes index.
650 0. ‡aAgriculture ‡vJuvenile literature. ‡0(LARL_NWRL_CONSORTIUM)163350
650 0. ‡aFarm life ‡vJuvenile literature. ‡0(LARL_NWRL_CONSORTIUM)164988
7001 . ‡aCupples, Pat. ‡0(LARL_NWRL_CONSORTIUM)93085
7001 . ‡aDrake, Jane. ‡0(LARL_NWRL_CONSORTIUM)108898
901 . ‡a94728 ‡bISxN ‡c94728 ‡tbiblio

Additional Resources